| 000 | 00592nam a22001937a 4500 | ||
|---|---|---|---|
| 003 | OSt | ||
| 005 | 20160920144125.0 | ||
| 008 | 150510b xxu||||| |||| 00| 0 eng d | ||
| 020 | _a1891389068 | ||
| 040 | _cDDC | ||
| 082 |
_222nd ed. _a541.3 CHA 2000 |
||
| 100 |
_aChang Raymond _94577 |
||
| 245 |
_aPhysical chemistry: _bfor the chemical and biological sciences |
||
| 260 |
_aCalifornia; _bUniversity Science Books _c2000 |
||
| 300 |
_axvi, 1018p; _bcol.ill: _c27.5cm |
||
| 504 | _aAppendices, glossary, answers & index included | ||
| 650 |
_aPhysical chemistry _91450 |
||
| 942 |
_2ddc _cO_SHELF |
||
| 999 |
_c1736 _d1736 |
||